Szabadidős tevékenység az infokommunikációs társadalomban

Bibliographic Details
Main Author: Bertli Petra
Other Authors: Kővári Adjunktus István
Format: Thesis
Kulcsszavak:szabadidő
internet
infokommunikáció
Online Access:http://dolgozattar.uni-bge.hu/2814

MARC

LEADER 00000nta a2200000 i 4500
001 dolg2814
005 20160310134739.0
008 150513suuuu hu om 000 hun d
040 |a BGE Dolgozattár Repozitórium  |b hun 
041 |a hu 
100 1 |a Bertli Petra 
245 1 0 |a Szabadidős tevékenység az infokommunikációs társadalomban  |c Bertli Petra  |h [elektronikus dokumentum] 
246 1 1 |a Szabadidős tevékenység az infokommunikációs társadalomban 
520 3 |a Dolgozatomban azt szerettem volna megtudni, hogy a mai társadalmunkban az emberek mennyire töltik el hasznosan szabadidejüket.  
695 |a szabadidő 
695 |a internet 
695 |a infokommunikáció 
700 1 |a Kővári Adjunktus István  |e ths 
856 4 0 |u http://dolgozattar.uni-bge.hu/2814/1/Szakdolgozat_Bertli_Petra_jav%C3%ADtott.pdf  |z Dokumentum-elérés